[Event "Challenge"]
[Site "http://www.queenalice.com/game.php?id=1358411"]
[Date "2015.5.9"]
[Round "-"]
[White "lemarseilais91"]
[Black "Madagaskira"]
[Result "1-0"]
[WhiteElo "1477"]
[BlackElo "2088"]

1. e4 c5 2. Nf3 d6 3. d4 cxd4 4. Qxd4 Nc6 5. Bb5 Qd7 6. Bxc6 bxc6 7. Be3 e5 8.
Qd3 h6 9. Nbd2 Nf6 10. O-O a5 11. c4 Ba6 12. b3 Be7 13. h3 O-O 14. Rfd1 1-0

[Event "Challenge"]
[Site "http://www.queenalice.com/game.php?id=1359090"]
[Date "2015.5.12"]
[Round "-"]
[White "fenix40rj"]
[Black "lemarseilais91"]
[Result "0-1"]
[WhiteElo "1491"]
[BlackElo "1507"]

1. g4 d5 2. f3 e5 3. Nc3 Be6 4. e4 d4 5. Nb5 c6 6. Na3 Bxa3 7. bxa3 Ne7 8. Nh3
Qb6 9. Bg2 Nd7 10. d3 f6 11. f4 O-O 12. f5 Bf7 13. c4 Nc5 14. Qc2 Kh8 15. Rb1
Qc7 16. g5 fxg5 17. Nxg5 h6 18. h4 g6 0-1

[Event "Challenge"]
[Site "http://www.queenalice.com/game.php?id=1388913"]
[Date "2015.10.13"]
[Round "-"]
[White "lemarseilais91"]
[Black "EcheKiel"]
[Result "1-0"]
[WhiteElo "1510"]
[BlackElo "1600"]

1. Nf3 d5 2. d4 Nf6 3. e3 Bg4 4. Be2 Ne4 5. Bd2 Nc6 6. Nc3 e6 7. O-O Qf6 8. h3
h5 9. Nh2 Bd6 10. Nxe4 Qh4 11. Nxd6+ cxd6 12. Nxg4 hxg4 13. Bxg4 O-O-O 14. f4 f5
15. Bf3 Qg3 16. Be1 Qg6 17. Kh2 Rh6 18. Rh1 Rdh8 19. Bg3 Rxh3+ 20. gxh3 Qh7 21.
h4 g5 22. h5 g4 23. Be2 Qf7 24. Kg2 Rxh5 25. Rxh5 Qxh5 26. Qh1 Qf7 27. Qh4 Nb4
28. c3 Nc2 29. Rh1 Qg6 30. Bf2 b5 31. Bxb5 e5 32. Rc1 Nxe3+ 33. Bxe3 Qe6 34.
Qh8+ Kb7 35. Qh7+ Kb6 36. a4 exf4 37. Bxf4 Qe4+ 38. Kg3 Qf3+ 39. Kh2 Qf2+ 40.
Kh1 Qxf4 41. Rf1 Qe4+ 42. Kg1 Qe3+ 43. Rf2 Qc1+ 44. Kg2 f4 45. Qd7 f3+ 46. Kg3
Qg1+ 47. Kf4 Qc1+ 48. Kg3 Qg1+ 49. Kf4 Qc1+ 50. Kf5 a6 51. Qc6+ Ka7 52. Qxa6+
Kb8 53. Qxd6+ Ka7 54. Qa6+ Kb8 55. Kxg4 Qh1 56. Qd6+ Ka7 57. Qxd5 Qh6 58. Qd7+
Kb6 59. Qc6+ Qxc6 60. Bxc6 Kxc6 61. Rxf3 1-0

[Event "Challenge"]
[Site "http://www.queenalice.com/game.php?id=1396805"]
[Date "2015.12.1"]
[Round "-"]
[White "lemarseilais91"]
[Black "charles31"]
[Result "0-1"]
[WhiteElo "1525"]
[BlackElo "1710"]

1. Nf3 Nc6 2. e4 d5 3. exd5 Qxd5 4. Nc3 Qd8 5. d4 h6 6. Be3 Bg4 7. Be2 e6 8. h3
Bf5 9. O-O Bd6 10. Qd2 a6 11. Rad1 Nf6 12. Rfe1 g5 13. Nh2 Ne4 14. Qd3 Nxf2 15.
Qd2 Nxd1 16. Rxd1 Qd7 17. g4 Bxh2+ 18. Kxh2 Qd6+ 19. Kh1 Bg6 20. d5 exd5 21. a3
O-O-O 22. Bf3 f5 23. Nxd5 f4 24. c4 fxe3 25. Qxe3 Qg3 26. Qe6+ Kb8 27. Bg2 Rhg8
28. Qe2 Rge8 29. Qd2 Be4 30. Bxe4 Rxe4 31. Qg2 Re1+ 32. Rxe1 Qd3 33. Rc1 Na5 34.
Qh2 Rd7 35. Qe5 Qxh3+ 36. Qh2 Qxg4 37. Nf6 Qf3+ 38. Qg2 Qxf6 39. b4 Nb3 40. Rf1
Qd4 41. Rf8+ Ka7 42. c5 Qh4+ 43. Qh2 Rd1+ 44. Kg2 Qe4+ 45. Kg3 Rd3+ 0-1

[Event "AUTO-INT-3080"]
[Site "http://www.queenalice.com/game.php?id=1396966"]
[Date "2015.12.2"]
[Round "1"]
[White "lemarseilais91"]
[Black "Rasumichin"]
[Result "0-1"]
[WhiteElo "1533"]
[BlackElo "1732"]

1. d4 d5 2. e3 Nf6 3. Nf3 Nc6 4. Be2 Ne4 5. Bd2 Bf5 6. Nc3 e6 7. O-O Bd6 8. h3
h6 9. Re1 g5 10. Kh1 Nxf2+ 11. Kg1 Nxd1 12. Raxd1 Bxc2 13. Rc1 Bf5 14. Bb5 Qd7
15. Ne5 Bxe5 16. dxe5 a6 17. Ne2 axb5 18. a3 Nxe5 19. g4 Nf3+ 20. Kf2 Nxe1 21.
Rxe1 Be4 22. Bc3 Rh7 23. Nd4 c5 24. Ne2 Qd6 25. Ng3 Ra4 26. Rd1 f5 27. Nh5 Qh2+
28. Ke1 Rf7 29. Ng7+ Rxg7 30. Bxg7 Qg3+ 31. Kd2 Qf2+ 32. Kc1 Qc2# 0-1

[Event "AUTO-INT-3080"]
[Site "http://www.queenalice.com/game.php?id=1396967"]
[Date "2015.12.2"]
[Round "1"]
[White "Rasumichin"]
[Black "lemarseilais91"]
[Result "1-0"]
[WhiteElo "1765"]
[BlackElo "1516"]

1. e4 Nc6 2. c3 e5 3. d4 exd4 4. cxd4 d5 5. Nc3 Bb4 6. Qd3 Nf6 7. Be2 dxe4 8.
Qc2 Nxd4 9. Qa4+ Nc6 10. Bd2 a6 11. a3 Bxc3 12. Bxc3 Bd7 13. Bxf6 Qxf6 14. Qxe4+
Kd8 15. Qc2 Re8 16. O-O-O Re7 17. Nf3 Kc8 18. Rd2 b6 19. Qxh7 Kb7 20. Qd3 Ne5
21. Qd5+ Bc6 22. Qb3 Nxf3 23. gxf3 Rae8 24. Re1 Qg5 25. Qd3 Qh5 26. Qxa6+ Kb8
27. Qd3 Rd7 28. Qc3 Rxd2 29. Qxd2 Bxf3 30. Bxf3 Rxe1+ 31. Bd1 Qc5+ 32. Kb1 Re6
33. Qd8+ Ka7 34. Qd2 Rd6 35. Qe1 Qd4 36. Bf3 Qd3+ 37. Ka1 Re6 38. Qh1 Qd2 39.
Ka2 Rf6 40. Qg2 g6 41. h4 Qf4 42. Qh3 Qxf3 43. Qd7 Qf4 44. Qh3 Qc4+ 45. b3 1-0

[Event "Challenge (re)"]
[Site "http://www.queenalice.com/game.php?id=1406269"]
[Date "2016.1.27"]
[Round "-"]
[White "EcheKiel"]
[Black "lemarseilais91"]
[Result "0-1"]
[WhiteElo "1608"]
[BlackElo "1530"]

1. e4 e5 2. Nf3 Nc6 3. Bc4 Nf6 4. d3 a6 5. Nc3 d6 6. Bg5 Be7 7. Qd2 Bg4 8. h3
Bxf3 9. gxf3 Nd4 10. Ne2 Nxf3+ 11. Kd1 Nxd2 12. Kxd2 c6 13. f4 Qc7 14. Ng3 O-O
15. Bxf6 Bxf6 16. Rhf1 Rad8 17. Nh5 d5 18. Nxf6+ gxf6 19. exd5 cxd5 20. Bb3 e4
21. Rae1 f5 22. Re3 Qa5+ 23. c3 b5 24. Rg1+ Kh8 25. Kc2 b4 26. d4 Rg8 27. Rxg8+
Rxg8 28. cxb4 Rg2+ 29. Kc1 Qxb4 30. Rc3 Qxd4 31. Kb1 Rg1+ 32. Rc1 Rxc1+ 33. Kxc1
e3 0-1

[Event "Challenge"]
[Site "http://www.queenalice.com/game.php?id=1418554"]
[Date "2016.4.16"]
[Round "-"]
[White "lemarseilais91"]
[Black "charles31"]
[Result "0-1"]
[WhiteElo "1549"]
[BlackElo "1828"]

1. e4 e5 2. d3 Nc6 3. Be3 Nf6 4. Be2 d5 5. exd5 Qxd5 6. Nf3 b6 7. Nc3 Qe6 8. O-O
a6 9. Ng5 Qd7 10. Bf3 h6 11. Bxc6 Qxc6 12. Nge4 Nxe4 13. Nxe4 Bf5 14. f3 Bd6 15.
Qe2 Bxe4 16. fxe4 g6 17. Qf2 Rh7 18. Rac1 Qd7 19. b3 h5 20. c3 Qe7 21. d4 exd4
22. Bxd4 c5 23. Be3 O-O-O 24. Qf3 Be5 25. b4 Rd3 26. bxc5 bxc5 27. Qh3+ Kc7 28.
c4 f6 29. Rf3 g5 30. Qf5 g4 0-1

[Event "Challenge"]
[Site "http://www.queenalice.com/game.php?id=1424225"]
[Date "2016.5.22"]
[Round "-"]
[White "lemarseilais91"]
[Black "Alain91"]
[Result "0-1"]
[WhiteElo "1544"]
[BlackElo "2268"]

1. e4 e5 2. Nf3 Nf6 3. d3 Nc6 4. Bg5 Be7 5. Be3 Ng4 6. Qd2 O-O 7. h3 Nxe3 8.
Qxe3 Nd4 9. Nxd4 exd4 10. Qf3 Bg5 11. g3 Bc1 12. Be2 Bxb2 13. Nd2 Bxa1 14. O-O
Bc3 15. Nb3 d6 16. g4 b6 17. Kg2 Qg5 18. Qg3 Be6 19. f4 Qb5 20. f5 Bxb3 21. cxb3
Qb4 22. Qh4 Bd2 23. f6 Be3 24. Rf5 Qd2 25. Kf3 Bg1 26. Rg5 g6 27. Qh6 Qe3+ 28.
Kg2 Qf2+ 0-1

[Event "Challenge"]
[Site "http://www.queenalice.com/game.php?id=1442098"]
[Date "2016.9.20"]
[Round "-"]
[White "lemarseilais91"]
[Black "charles31"]
[Result "0-1"]
[WhiteElo "1540"]
[BlackElo "1783"]

1. Nf3 Nc6 2. e4 a6 3. d4 d5 4. e5 e6 5. a3 Be7 6. Bf4 h6 7. g3 g5 8. Be3 h5 9.
Bg2 g4 10. Nfd2 Bg5 11. Qe2 f6 12. Qd3 Bxe3 13. Qxe3 f5 14. O-O Bd7 15. f3 Qe7
16. Nc3 O-O-O 17. Kf2 h4 18. Nb3 hxg3+ 19. hxg3 Qf7 20. Ke2 Rh2 21. Rf2 Qh7 22.
Rc1 Be8 23. Na4 gxf3+ 24. Bxf3 Rxf2+ 25. Qxf2 Qh6 26. Kd3 Bg6 27. Ke2 Bh5 28.
Bxh5 Qxh5+ 29. Kd3 Rf8 30. Nbc5 Qg6 31. Qf4 Nd8 32. Rg1 Nh6 33. b4 Ng4 34. Rg2
Nc6 35. Nc3 Na7 36. a4 Nc6 37. Na2 a5 38. b5 Nb4+ 39. Nxb4 axb4 40. a5 Qe8 41.
Qd2 Qxb5+ 42. c4 Qxc4# 0-1

[Event "Challenge"]
[Site "http://www.queenalice.com/game.php?id=1444706"]
[Date "2016.10.8"]
[Round "-"]
[White "lemarseilais91"]
[Black "Alain91"]
[Result "0-1"]
[WhiteElo "1542"]
[BlackElo "2269"]

1. f4 Nf6 2. d3 Nc6 3. e3 e5 4. Nf3 exf4 5. exf4 Bc5 6. Be2 Ng4 7. d4 Be7 8. g3
O-O 9. h3 Nf6 10. O-O Ne4 11. Kg2 Bf6 12. Be3 Ne7 13. Nbd2 Nf5 14. Nxe4 Nxe3+
15. Kf2 Nxd1+ 16. Raxd1 Re8 17. h4 Rxe4 18. c3 d5 19. Bd3 Re8 20. Rh1 Bg4 21.
Ne5 Bxd1 22. Rxd1 Bxe5 23. dxe5 f6 24. b3 fxe5 25. fxe5 Rxe5 26. c4 Qf6+ 27. Kg2
Re3 28. Rf1 Qc3 29. Bf5 Qe5 30. Rf2 Qxg3+ 31. Kf1 Rae8 32. Bd7 Re1# 0-1